| 000 | 00475nam a2200205Ia 4500 | ||
|---|---|---|---|
| 003 | IT-RoPAU | ||
| 008 | 120407s9999 xx 000 0 und d | ||
| 040 | _aIT-RoPAU | ||
| 040 | _cIT-RoPAU | ||
| 041 | _alat | ||
| 100 | _aCommissio (pont.) Pro Nova Vulgata Bibliorum editione. | ||
| 245 | _a"V. T. Liber Psalmorum. N. T. Evangelia." | ||
| 250 | _aRoma | ||
| 260 | _aVaticana | ||
| 260 | _c1969 | ||
| 300 | _c24,5 cm | ||
| 490 | _v1 | ||
| 942 | _cBK | ||
| 999 |
_c18479 _d18479 |
||